<?xml version="1.0" encoding="UTF-8"?>
<collection xmlns="http://www.loc.gov/MARC21/slim">
    <record>
        <controlfield tag="001">83957</controlfield>
        <controlfield tag="005">20190910135927.0</controlfield>
        <datafield tag="037" ind1=" " ind2=" ">
            <subfield code="a">GDOC-2018-69331</subfield>
        </datafield>
        <datafield tag="041" ind1=" " ind2=" ">
            <subfield code="a">spa</subfield>
        </datafield>
        <datafield tag="041" ind1=" " ind2=" ">
            <subfield code="a">eng</subfield>
        </datafield>
        <datafield tag="100" ind1=" " ind2=" ">
            <subfield code="0">(orcid)0000-0003-3165-0156</subfield>
            <subfield code="1">308425</subfield>
            <subfield code="a">MANUEL ARRUEBO, GORDO</subfield>
        </datafield>
        <datafield tag="245" ind1="0" ind2="0">
            <subfield code="9">69331</subfield>
            <subfield code="a">Trabajo fin de Máster (sin especialidad)</subfield>
        </datafield>
        <datafield tag="242" ind1="0" ind2="0">
            <subfield code="9">69331</subfield>
            <subfield code="a">Master's Dissertation</subfield>
        </datafield>
        <datafield tag="260" ind1=" " ind2=" ">
            <subfield code="a">Zaragoza</subfield>
            <subfield code="b">Universidad de Zaragoza</subfield>
            <subfield code="c">2018-2019</subfield>
        </datafield>
        <datafield tag="521" ind1=" " ind2=" ">
            <subfield code="9">629</subfield>
            <subfield code="a">Máster Universitario en Ingeniería Biomédica</subfield>
            <subfield code="b">Master's in Biomedical Engineering</subfield>
        </datafield>
        <datafield tag="540" ind1=" " ind2=" ">
            <subfield code="a">by-nc-sa</subfield>
            <subfield code="b">Creative Commons</subfield>
            <subfield code="c">3.0</subfield>
            <subfield code="u">http://creativecommons.org/licenses/by-nc-sa/3.0/</subfield>
        </datafield>
        <datafield tag="700" ind1=" " ind2=" ">
            <subfield code="0">(orcid)0000-0001-5316-8171</subfield>
            <subfield code="1">182457</subfield>
            <subfield code="a">ROBERTO JOSÉ CASAS, NEBRA</subfield>
        </datafield>
        <datafield tag="700" ind1=" " ind2=" ">
            <subfield code="0">(orcid)0000-0003-3223-1324</subfield>
            <subfield code="1">114943</subfield>
            <subfield code="a">JOSÉ JAVIER MARÍN, ZURDO</subfield>
        </datafield>
        <datafield tag="700" ind1=" " ind2=" ">
            <subfield code="0">(orcid)0000-0003-0060-7278</subfield>
            <subfield code="1">524355</subfield>
            <subfield code="a">BELÉN MASIÁ, CORCOY</subfield>
        </datafield>
        <datafield tag="700" ind1=" " ind2=" ">
            <subfield code="0">(orcid)0000-0002-2901-4188</subfield>
            <subfield code="1">408212</subfield>
            <subfield code="a">MARÍA DE LOS ÁNGELES PÉREZ, ANSÓN</subfield>
        </datafield>
        <datafield tag="700" ind1=" " ind2=" ">
            <subfield code="0">(orcid)0000-0002-6873-5244</subfield>
            <subfield code="1">437168</subfield>
            <subfield code="a">VICTOR SEBASTIÁN, CABEZA</subfield>
        </datafield>
        <datafield tag="830" ind1=" " ind2=" ">
            <subfield code="9">547</subfield>
        </datafield>
        <datafield tag="856" ind1="4" ind2=" ">
            <subfield code="s">14683</subfield>
            <subfield code="u">http://zaguan.unizar.es/record/83957/files/guia-69331-es.pdf</subfield>
            <subfield code="y">Guía (idioma español)</subfield>
        </datafield>
        <datafield tag="856" ind1="4" ind2=" ">
            <subfield code="s">7573</subfield>
            <subfield code="u">http://zaguan.unizar.es/record/83957/files/guia-69331-en.pdf</subfield>
            <subfield code="y">Guide (english)</subfield>
        </datafield>
        <datafield tag="970" ind1=" " ind2=" ">
            <subfield code="a">GDOC-2018-69331</subfield>
        </datafield>
        <datafield tag="980" ind1=" " ind2=" ">
            <subfield code="a">GDOC</subfield>
            <subfield code="b">Engineering and Architecture</subfield>
            <subfield code="b">Ingeniería y Arquitectura</subfield>
            <subfield code="c">110</subfield>
        </datafield>
    </record>

    
</collection>